[Event "ARG-ch Amateur U2000"]
[Site "Torre Blanca"]
[Date "2016.12.08"]
[Round "1.12"]
[White "Gonzalez, Fabian"]
[Black "Noziglia, Federico"]
[Result "1-0"]
[WhiteElo "1938"]
[BlackElo "1822"]
[PlyCount "89"]
[EventDate "2016.12.08"]
[EventType "swiss"]
[EventRounds "9"]
[EventCountry "ARG"]
[SourceTitle "EXT 2024"]
[Source "ChessBase"]
[SourceDate "2023.10.10"]
[SourceVersion "1"]
[SourceVersionDate "2023.10.10"]
[SourceQuality "1"]

1. d4 d5 2. Nf3 Nf6 3. c4 c6 4. Nc3 g6 5. e3 Bg7 6. Bd3 0-0 7. 0-0 Bg4 8. h3 Bxf3 9. Qxf3 e6 10. b4 Nbd7 11. b5 Qa5 12. Bd2 Qd8 13. Rac1 Rc8 14. bxc6 bxc6 15. cxd5 cxd5 16. Nb5 a6 17. Nd6 Rxc1 18. Rxc1 Qb6 19. Nc8 Qb2 20. Ne7+ Kh8 21. Rc2 Qa3 22. Qe2 Qxe7 23. Bxa6 Ne4 24. Ba5 Ra8 25. Qb5 h5 26. Rc7 Nef6 27. Bc8 Rb8 28. Qxb8 Nxb8 29. Rxe7 Nc6 30. Rxf7 Nxa5 31. Bxe6 Nc6 32. Rc7 Na5 33. a4 Nc4 34. Bxd5 Nxe3 35. Rc8+ Kh7 36. Bg8+ Nxg8 37. fxe3 Ne7 38. Re8 Nd5 39. a5 g5 40. Rd8 Nxe3 41. a6 Nc4 42. a7 Nb6 43. d5 Bd4+ 44. Kf1 Kg7 45. Rb8 1-0

[Event "Tandil-ch"]
[Site "Tandil"]
[Date "2016.11.24"]
[Round "3.2"]
[White "Noziglia, Federico"]
[Black "Bernardo, Walter"]
[Result "0-1"]
[WhiteElo "2021"]
[BlackElo "2252"]
[PlyCount "55"]
[EventDate "2016.11.22"]
[EventType "tourn"]
[EventRounds "6"]
[EventCountry "ARG"]
[SourceTitle "EXT 2024"]
[Source "ChessBase"]
[SourceDate "2023.10.10"]
[SourceVersion "1"]
[SourceVersionDate "2023.10.10"]
[SourceQuality "1"]

1. d4 Nf6 2. c4 g6 3. Nc3 Bg7 4. e4 d6 5. Nf3 0-0 6. Bg5 h6 7. Be3 Ng4 8. Bf4 Nc6 9. h3 e5 10. hxg4 exf4 11. d5 Nb4 12. a3 Na6 13. Nd4 Nc5 14. Rb1 Re8 15. f3 a5 16. Kf2 a4 17. Qd2 Qg5 18. Nce2 Rxe4 19. Kg1 Re3 20. Nc3 f5 21. Nd1 fxg4 22. Nxe3 fxe3 23. Qd1 Bxd4 24. Qxd4 gxf3 25. Rh2 Bf5 26. Rd1 Ne4 27. Bd3 f2+ 28. Kh1 0-1

[Event "Pan American-ch U2000"]
[Site "Carilo Village"]
[Date "2016.10.29"]
[Round "8"]
[White "Noziglia, Federico"]
[Black "Del Giudice, Juan Eduardo"]
[Result "1/2-1/2"]
[WhiteElo "1793"]
[BlackElo "1940"]
[PlyCount "48"]
[EventDate "2016.10.25"]
[EventType "swiss"]
[EventRounds "9"]
[EventCountry "ARG"]
[SourceTitle "EXT 2022"]
[Source "ChessBase"]
[SourceDate "2021.10.06"]
[SourceVersion "1"]
[SourceVersionDate "2021.10.06"]
[SourceQuality "1"]

1. d4 Nf6 2. c4 g6 3. Nc3 d6 4. Nf3 Bg7 5. Bg5 Nbd7 6. e3 h6 7. Bh4 e5 8. Be2 0-0 9. Qc2 b6 10. 0-0-0 exd4 11. exd4 Bb7 12. h3 Re8 13. Rhg1 g5 14. Bg3 Ne4 15. Bd3 Ndf6 16. Nd2 Nxg3 17. fxg3 d5 18. Nf3 dxc4 19. Bxc4 Nd5 20. Qf5 Qf6 21. Qxf6 Nxf6 22. Ne5 Re7 23. Ng6 Rd7 24. Ne5 Re7 1/2-1/2

[Event "Pan American-ch U2000"]
[Site "Carilo Village"]
[Date "2016.10.25"]
[Round "1"]
[White "Valencia Gantiva, Cristian"]
[Black "Noziglia, Federico"]
[Result "1-0"]
[WhiteElo "1928"]
[BlackElo "1793"]
[PlyCount "105"]
[EventDate "2016.10.25"]
[EventType "swiss"]
[EventRounds "9"]
[EventCountry "ARG"]
[SourceTitle "EXT 2022"]
[Source "ChessBase"]
[SourceDate "2021.10.06"]
[SourceVersion "1"]
[SourceVersionDate "2021.10.06"]
[SourceQuality "1"]

1. e4 e6 2. d4 d5 3. Nc3 Bb4 4. e5 c5 5. a3 cxd4 6. Qxd4 Nc6 7. Bb5 Bxc3+ 8. Qxc3 Bd7 9. Bf4 Nge7 10. Nf3 a6 11. Bd3 Ng6 12. Bg3 b5 13. 0-0 Qa5 14. Qxa5 Nxa5 15. Nd4 Nc4 16. b3 Ncxe5 17. Be2 0-0 18. f4 Nc6 19. Nxc6 Bxc6 20. f5 Ne7 21. Bd6 Rfe8 22. f6 Nf5 23. Be5 g6 24. g4 Ne3 25. Rf4 Rac8 26. Rc1 Bb7 27. Bd3 d4 28. Rxd4 Red8 29. h3 Rxd4 30. Bxd4 Nd5 31. Be4 Ba8 32. Kf2 Nf4 33. Bxa8 Rxa8 34. Kf3 Nd5 35. c4 Rc8 36. Bb2 bxc4 37. Rxc4 Rxc4 38. bxc4 Nb6 39. c5 Nd5 40. Ke4 Kf8 41. Ke5 Ke8 42. Kd6 Kd8 43. a4 Ne3 44. Kc6 Kc8 45. Bd4 Nc4 46. Bc3 Ne3 47. Bd4 Nc2 48. Bf2 e5 49. Kd5 Nb4+ 50. Kd6 Nd3 51. Bg1 Nf4 52. Ke7 e4 53. Kxf7 1-0